[Event "GBR-ch"]
[Site "Scarborough"]
[Date "2001.08.01"]
[Round "3"]
[White "Ledger, Stephen"]
[Black "Kennedy, John"]
[Result "1/2-1/2"]
[WhiteElo "2196"]
[BlackElo "2042"]
[PlyCount "40"]
[EventDate "2001.07.30"]

1. d4 Nf6 2. Nf3 g6 3. Bf4 Bg7 4. e3 O-O 5. h3 d6 6. Be2 Nbd7 7. O-O Qe8 8. c4
e5 9. Bh2 b6 10. Nc3 Qe7 11. Rc1 Bb7 12. Qc2 c5 13. Rfd1 cxd4 14. exd4 e4 15.
Ne1 Bh6 16. Ra1 Ne8 17. a4 f5 18. a5 Rb8 19. axb6 axb6 20. Qb3 f4 1/2-1/2

[Event "GBR-ch"]
[Site "Scarborough"]
[Date "2001.08.01"]
[Round "3"]
[White "Collins, Sam"]
[Black "Lappage, Jonathan"]
[Result "1-0"]
[WhiteElo "2194"]
[BlackElo "2208"]
[PlyCount "87"]
[EventDate "2001.07.30"]

1. e4 c5 2. Nf3 d6 3. d4 cxd4 4. Nxd4 Nf6 5. Nc3 a6 6. f4 Qc7 7. a4 g6 8. Bd3
Nbd7 9. Nf3 Bg7 10. O-O b6 11. Qe1 Bb7 12. Qh4 Rc8 13. Bd2 O-O 14. Rae1 e6 15.
f5 exf5 16. exf5 Bxf3 17. Rxf3 Ne5 18. Rh3 Nxd3 19. cxd3 Qc5+ 20. Be3 Qxf5 21.
Ne4 g5 22. Bxg5 Nxe4 23. dxe4 Qg6 24. Be7 Kh8 25. Bxf8 Rxf8 26. Qe7 Qe6 27.
Qxe6 fxe6 28. Rd1 Bxb2 29. Rb3 Be5 30. Rxb6 Rf4 31. Rxa6 Rxe4 32. a5 Ra4 33.
Ra8+ Kg7 34. a6 Bd4+ 35. Kf1 e5 36. a7 d5 37. Rc1 e4 38. g4 Be5 39. Rd1 Bxh2
40. Rxd5 e3 41. Rd7+ Kh6 42. g5+ Kh5 43. Rxh7+ Kg4 44. Rxh2 1-0

[Event "GBR-ch"]
[Site "Scarborough"]
[Date "2001.08.01"]
[Round "3"]
[White "Trent, Lawrence"]
[Black "Rutherford, Elaine"]
[Result "1/2-1/2"]
[WhiteElo "2249"]
[BlackElo "2117"]
[PlyCount "100"]
[EventDate "2001.07.30"]

1. e4 d5 2. exd5 Nf6 3. Nf3 Nxd5 4. d4 Bf5 5. Bd3 Bxd3 6. Qxd3 c6 7. c4 Nb6 8.
O-O e6 9. Re1 Be7 10. Nc3 O-O 11. b3 Bf6 12. Ne4 N8d7 13. Nxf6+ Nxf6 14. Bb2
Qc7 15. Rac1 Rfd8 16. Qe3 Nbd7 17. Qg5 h6 18. Qh4 Qa5 19. a3 Qf5 20. h3 Rac8
21. Re3 Nf8 22. Ne5 Qh5 23. Qf4 Qg5 24. Qxg5 hxg5 25. Rce1 N6d7 26. Nd3 b5 27.
Rg3 f6 28. f4 bxc4 29. bxc4 gxf4 30. Nxf4 Nb6 31. Nh5 Nxc4 32. Bc3 Nxa3 33.
Nxg7 Kf7 34. Nh5 Ng6 35. Ba5 Rd5 36. Rxa3 Rxh5 37. Bc3 Rc7 38. Rea1 Nf4 39.
Rxa7 Rxa7 40. Rxa7+ Kg6 41. Kf1 Rf5 42. g4 Rd5 43. h4 c5 44. dxc5 Rxc5 45. Bd2
Rc4 46. Kf2 f5 47. h5+ Nxh5 48. gxh5+ Kxh5 49. Rg7 Rg4 50. Re7 Re4 1/2-1/2

[Event "GBR-ch"]
[Site "Scarborough"]
[Date "2001.08.02"]
[Round "4"]
[White "Miles, Tony"]
[Black "Wells, Peter"]
[Result "1/2-1/2"]
[WhiteElo "2565"]
[BlackElo "2510"]
[PlyCount "49"]
[EventDate "2001.07.30"]

1. b3 d5 2. Nf3 Bg4 3. e3 Nd7 4. Bb2 Ngf6 5. d3 e5 6. h3 Bxf3 7. Qxf3 Bb4+ 8.
Nd2 c6 9. Qd1 Qe7 10. Be2 Ba3 11. Qc1 Bxb2 12. Qxb2 O-O 13. O-O Rfe8 14. Rfe1
Nf8 15. c4 Ng6 16. Bf1 Rad8 17. cxd5 Nxd5 18. a3 f5 19. Rad1 f4 20. Ne4 fxe3
21. fxe3 Nh4 22. b4 Rf8 23. Qd2 Qe6 24. Re2 Qg6 25. Kh1 1/2-1/2

[Event "GBR-ch"]
[Site "Scarborough"]
[Date "2001.08.02"]
[Round "4"]
[White "Hodgson, Julian M"]
[Black "Shaw, John K"]
[Result "1/2-1/2"]
[WhiteElo "2581"]
[BlackElo "2478"]
[PlyCount "37"]
[EventDate "2001.07.30"]

1. d4 d5 2. Bg5 h6 3. Bh4 c6 4. Nf3 Qb6 5. Qc1 Nd7 6. c4 g5 7. Bg3 g4 8. Ne5
Nxe5 9. Bxe5 f6 10. Bg3 Qxd4 11. cxd5 Qxd5 12. Nc3 Qf7 13. e3 e5 14. Bd3 Be6
15. Qc2 O-O-O 16. O-O h5 17. Bh4 Be7 18. Bg6 Qg7 19. Bf5 1/2-1/2

[Event "GBR-ch"]
[Site "Scarborough"]
[Date "2001.08.02"]
[Round "4"]
[White "Pert, Nicholas"]
[Black "Emms, John M"]
[Result "1/2-1/2"]
[WhiteElo "2475"]
[BlackElo "2532"]
[PlyCount "72"]
[EventDate "2001.07.30"]

1. d4 Nf6 2. Nf3 e6 3. c4 c5 4. d5 d6 5. Nc3 exd5 6. cxd5 g6 7. Bf4 a6 8. e4 b5
9. Qe2 Be7 10. Qc2 O-O 11. a4 b4 12. Nb1 b3 13. Qxb3 Nxe4 14. Bd3 Nf6 15. O-O
Nbd7 16. Nc3 Rb8 17. Qa2 Re8 18. Rfe1 Bf8 19. a5 Rxe1+ 20. Rxe1 Qc7 21. h3 Bb7
22. Bc4 Rc8 23. Qb3 Qb8 24. Ng5 Qc7 25. Re2 Rb8 26. Qa2 Kg7 27. Qa4 Re8 28.
Rxe8 Nxe8 29. b4 cxb4 30. Qxb4 Ndf6 31. Nge4 Be7 32. Be3 Kf8 33. Bb3 Nxe4 34.
Nxe4 Kg8 35. Qd2 Nf6 36. Qd4 Nxe4 1/2-1/2

[Event "GBR-ch"]
[Site "Scarborough"]
[Date "2001.08.02"]
[Round "4"]
[White "Walker, Martin G"]
[Black "Gallagher, Joseph G"]
[Result "1/2-1/2"]
[WhiteElo "2109"]
[BlackElo "2516"]
[PlyCount "76"]
[EventDate "2001.07.30"]

1. e4 c5 2. Nf3 d6 3. Bb5+ Nd7 4. d4 Ngf6 5. Nc3 cxd4 6. Qxd4 e5 7. Qd3 h6 8.
Be3 Be7 9. O-O-O a6 10. Ba4 b5 11. Bb3 Bb7 12. h3 Rc8 13. Nd5 Bxd5 14. Bxd5
Nxd5 15. Qxd5 Qc7 16. Qd3 Nf6 17. Kb1 O-O 18. Nh4 Rfd8 19. Nf5 Bf8 20. Bc1 d5
21. exd5 Nxd5 22. Qe2 b4 23. Ne3 Nf4 24. Qxa6 Rxd1 25. Rxd1 Nxg2 26. Qa4 Nxe3
27. Bxe3 Rd8 28. Rxd8 Qxd8 29. Qc6 Qd1+ 30. Bc1 Qf1 31. Qf3 Bc5 32. Qa8+ Kh7
33. Qe4+ g6 34. Qxe5 Qxf2 35. a4 bxa3 36. bxa3 Bd4 37. Qd5 Bg7 38. Bb2 Qb6
1/2-1/2

[Event "GBR-ch"]
[Site "Scarborough"]
[Date "2001.08.02"]
[Round "4"]
[White "Arkell, Keith C"]
[Black "Ward, Chris G"]
[Result "0-1"]
[WhiteElo "2431"]
[BlackElo "2493"]
[PlyCount "124"]
[EventDate "2001.07.30"]

1. c4 c5 2. Nc3 g6 3. g3 Bg7 4. Bg2 Nc6 5. a3 Nf6 6. Rb1 a5 7. Nf3 O-O 8. O-O
d5 9. cxd5 Nxd5 10. Nxd5 Qxd5 11. d3 Rd8 12. Be3 Qd6 13. Qc2 b6 14. Bf4 Qd7 15.
d4 Bxd4 16. Rbd1 Ba6 17. e3 Bxf1 18. Kxf1 Rac8 19. exd4 Nxd4 20. Nxd4 cxd4 21.
Qb3 b5 22. Be4 a4 23. Qf3 Rc5 24. Bd2 f5 25. Bb1 e5 26. Bb4 Rcc8 27. h4 Qc6 28.
Qxc6 Rxc6 29. Bd3 Rb8 30. f3 Kf7 31. Ke2 Ke6 32. Bb1 Rbc8 33. Bd3 Rc1 34. Bxb5
R8c2+ 35. Rd2 e4 36. Bxa4 Rxd2+ 37. Bxd2 Rb1 38. fxe4 fxe4 39. b3 Rb2 40. Kd1
e3 41. Bc1 e2+ 42. Ke1 Rb1 43. Kxe2 Rxc1 44. Bb5 Ke5 45. Bd3 Rc3 46. a4 Rxb3
47. a5 Rb2+ 48. Kf3 Rb3 49. Ke2 Kd5 50. a6 Ra3 51. Kd2 Ra2+ 52. Kc1 Kc6 53. Bc4
Rh2 54. Bg8 Rh3 55. Bxh7 Rxg3 56. Bg8 Kb6 57. Bf7 Kxa6 58. Kd2 Kb5 59. h5 g5
60. Be6 Kc5 61. Bf5 Rg2+ 62. Kd3 Rh2 0-1

[Event "GBR-ch"]
[Site "Scarborough"]
[Date "2001.08.02"]
[Round "4"]
[White "Ledger, Dave J"]
[Black "Hebden, Mark"]
[Result "1/2-1/2"]
[WhiteElo "2312"]
[BlackElo "2550"]
[PlyCount "100"]
[EventDate "2001.07.30"]

1. e4 e5 2. Bc4 Nf6 3. d3 Nc6 4. Nf3 Be7 5. O-O O-O 6. c3 d6 7. Bb3 h6 8. Re1
Re8 9. Nbd2 Bf8 10. h3 Ne7 11. Nf1 Ng6 12. Ng3 c6 13. d4 Be6 14. Bxe6 Rxe6 15.
dxe5 Nxe5 16. Nxe5 Rxe5 17. Bf4 Re6 18. Qf3 Qa5 19. Re2 Rae8 20. b4 Qa6 21.
Rae1 Qc4 22. Rd1 g6 23. Rd4 Qa6 24. Red2 c5 25. bxc5 dxc5 26. Rd8 g5 27. Rxe8
Rxe8 28. Bd6 Bxd6 29. Qxf6 Bxg3 30. Qxa6 bxa6 31. fxg3 Rxe4 32. Rd6 Re6 33. Rd5
Re2 34. Rxc5 Rxa2 35. g4 Kg7 36. Rc7 Kf6 37. Rc6+ Kg7 38. Rc7 Re2 39. Rxa7 Re6
40. Kf2 Kf6 41. Kf3 Ke5 42. Ke3 Kd5+ 43. Kd3 Rf6 44. Rc7 Kd6 45. Rc8 Kd7 46.
Ra8 Kc7 47. Kc4 Kb6 48. Kd5 Rf2 49. Rb8+ Kc7 50. Rh8 Rf6 1/2-1/2

[Event "GBR-ch"]
[Site "Scarborough"]
[Date "2001.08.02"]
[Round "4"]
[White "Chandler, Murray"]
[Black "Palliser, Richard JD"]
[Result "1-0"]
[WhiteElo "2540"]
[BlackElo "2337"]
[PlyCount "41"]
[EventDate "2001.07.30"]

1. e4 c5 2. Nc3 d6 3. f4 g6 4. Nf3 Bg7 5. Bc4 Nc6 6. O-O e6 7. d3 Nge7 8. Qe1
h6 9. Bd2 Nd4 10. Nxd4 cxd4 11. Ne2 d5 12. Bb3 O-O 13. Rd1 Nc6 14. Kh1 Qd6 15.
f5 exf5 16. exd5 Ne7 17. Bb4 Qd7 18. c4 dxc3 19. Nxc3 Re8 20. Ba4 Bxc3 21. Bxc3
1-0

[Event "GBR-ch"]
[Site "Scarborough"]
[Date "2001.08.02"]
[Round "4"]
[White "Lalic, Bogdan"]
[Black "Eames, Robert"]
[Result "1-0"]
[WhiteElo "2528"]
[BlackElo "2333"]
[PlyCount "71"]
[EventDate "2001.07.30"]

1. Nf3 d5 2. d4 Nf6 3. c4 e6 4. Nc3 c6 5. Bg5 dxc4 6. e4 b5 7. a4 b4 8. Nb1 Be7
9. e5 Nd5 10. Bxe7 Qxe7 11. Bxc4 O-O 12. O-O c5 13. Bxd5 exd5 14. dxc5 Qxc5 15.
Nbd2 Ba6 16. Re1 Nd7 17. Nb3 Qc4 18. Re3 Rac8 19. Nbd4 g6 20. h4 Rfe8 21. Qd2
Qc7 22. e6 Nc5 23. exf7+ Qxf7 24. Ne5 Qf4 25. Nxg6 Ne4 26. Nxf4 Nxd2 27. Rxe8+
Rxe8 28. Nxd5 Rd8 29. Nc6 Rf8 30. Rd1 Ne4 31. f3 Nc5 32. Ndxb4 Bb7 33. a5 Rf4
34. Rd4 Rf6 35. Rd5 Na4 36. Rd8+ 1-0

[Event "GBR-ch"]
[Site "Scarborough"]
[Date "2001.08.02"]
[Round "4"]
[White "Rowson, Jonathan"]
[Black "Ghasi, Ameet K"]
[Result "1-0"]
[WhiteElo "2514"]
[BlackElo "2188"]
[PlyCount "119"]
[EventDate "2001.07.30"]

1. e4 c5 2. Nf3 d6 3. Nc3 Nf6 4. d4 cxd4 5. Nxd4 a6 6. Bc4 e6 7. a4 Qc7 8. Ba2
Be7 9. O-O O-O 10. Be3 Nc6 11. f4 Bd7 12. Kh1 Rac8 13. Qe2 Kh8 14. Rad1 Nxd4
15. Rxd4 Bc6 16. Bg1 Rcd8 17. f5 e5 18. Rd3 Rc8 19. Rh3 Qa5 20. Bb3 Qb4 21. Re1
Bd8 22. Bf2 b5 23. axb5 Bxb5 24. Nxb5 Qxb5 25. Qxb5 axb5 26. Rd3 Be7 27. Bh4
Rfd8 28. Bxf6 Bxf6 29. g3 Kg8 30. Ra1 Kf8 31. Ra5 Rc5 32. Rd1 Ke7 33. Rd5 b4
34. Raxc5 dxc5 35. Rxc5 Rd4 36. Bd5 Kd7 37. Rb5 Rd1+ 38. Kg2 Rd2+ 39. Kh3 Be7
40. Bxf7 Rxc2 41. Rb7+ Rc7 42. Be6+ Kc6 43. Bd5+ Kd7 44. Rb8 Bc5 45. b3 Ke7 46.
Rh8 h6 47. Ra8 Bg1 48. Ra1 Bd4 49. Ra4 Bc5 50. Ra6 Bd6 51. Kg4 Rc2 52. Ra7+ Rc7
53. Ra2 Kf6 54. Ra6 Rd7 55. Kh5 g6+ 56. fxg6 Kg7 57. Be6 Rd8 58. Ra7+ Kf6 59.
Bd5 Be7 60. g7 1-0

[Event "GBR-ch"]
[Site "Scarborough"]
[Date "2001.08.02"]
[Round "4"]
[White "Hanley, Craig"]
[Black "Turner, Matthew J"]
[Result "1/2-1/2"]
[WhiteElo "2278"]
[BlackElo "2511"]
[PlyCount "45"]
[EventDate "2001.07.30"]

1. c4 e5 2. g3 c6 3. d4 exd4 4. Qxd4 d5 5. cxd5 cxd5 6. Bg2 Be6 7. Nf3 Nc6 8.
Qa4 Bc5 9. O-O Nf6 10. Bg5 O-O 11. Nc3 h6 12. Bxf6 Qxf6 13. Ne1 Rad8 14. Nd3
Bd4 15. Rac1 g5 16. e3 Bb6 17. Rfe1 Qg7 18. Qb5 d4 19. Na4 dxe3 20. fxe3 Nd4
21. Qb4 Nc6 22. Qb5 Nd4 23. Qb4 1/2-1/2

[Event "GBR-ch"]
[Site "Scarborough"]
[Date "2001.08.02"]
[Round "4"]
[White "Summerscale, Aaron"]
[Black "D'Costa, Lorin"]
[Result "1/2-1/2"]
[WhiteElo "2510"]
[BlackElo "2155"]
[PlyCount "45"]
[EventDate "2001.07.30"]

1. d4 Nf6 2. c4 g6 3. Nc3 d5 4. Bf4 Bg7 5. e3 c5 6. dxc5 Qa5 7. Rc1 Ne4 8. cxd5
Nxc3 9. Qd2 Qxa2 10. bxc3 Qa5 11. Nf3 Nd7 12. Bc4 Nxc5 13. Be5 Bxe5 14. Nxe5 f6
15. Nf3 Bd7 16. O-O b5 17. Ra1 Na4 18. Bb3 Qxc3 19. Bxa4 Qxd2 20. Nxd2 bxa4 21.
Rfb1 Kf7 22. Rb7 Rhd8 23. e4 1/2-1/2

[Event "GBR-ch"]
[Site "Scarborough"]
[Date "2001.08.02"]
[Round "4"]
[White "Kelly, Brian"]
[Black "Broomfield, Matthew"]
[Result "1/2-1/2"]
[WhiteElo "2458"]
[BlackElo "2271"]
[PlyCount "69"]
[EventDate "2001.07.30"]

1. d4 Nf6 2. c4 e5 3. dxe5 Ng4 4. Bf4 Nc6 5. Nf3 Bb4+ 6. Nbd2 Qe7 7. e3 Ngxe5
8. Nxe5 Nxe5 9. Be2 O-O 10. O-O Ng6 11. Bg3 Bd6 12. Qc2 Bxg3 13. hxg3 Re8 14.
c5 d6 15. Rac1 dxc5 16. Qxc5 Qxc5 17. Rxc5 c6 18. b4 Be6 19. a3 Rad8 20. Nf3
Bg4 21. b5 cxb5 22. Bxb5 Re7 23. Nd4 a6 24. Ba4 Nf8 25. Rfc1 Ne6 26. Rc8 Rxc8
27. Rxc8+ Nf8 28. Rb8 Rc7 29. Bb3 Bc8 30. a4 Nd7 31. Ra8 Nb6 32. Rb8 Nd7 33.
Ra8 Nb6 34. Rb8 Nd7 35. Ra8 1/2-1/2

[Event "GBR-ch"]
[Site "Scarborough"]
[Date "2001.08.02"]
[Round "4"]
[White "Moore, Gerald"]
[Black "Knott, Simon JB"]
[Result "1/2-1/2"]
[WhiteElo "2194"]
[BlackElo "2373"]
[PlyCount "136"]
[EventDate "2001.07.30"]

1. Nf3 Nf6 2. g3 g6 3. Bg2 Bg7 4. O-O O-O 5. d3 d5 6. Nc3 d4 7. Nb5 c5 8. c4
Nc6 9. Bf4 Nh5 10. Bd2 Qd7 11. Rb1 b6 12. b4 Rb8 13. bxc5 bxc5 14. Qa4 Rb6 15.
Qa3 Ra6 16. Qxc5 Rxa2 17. Ra1 Rxa1 18. Rxa1 a6 19. Na3 Nd8 20. Nc2 Ne6 21. Qb6
Bf6 22. Rb1 Nhg7 23. Nb4 Nc7 24. Bf4 Nge6 25. Be5 Kg7 26. Bxf6+ exf6 27. Nd2 h5
28. Ne4 f5 29. Nd6 a5 30. Nxc8 axb4 31. Nd6 h4 32. Nb5 Nxb5 33. Qxb5 Qxb5 34.
cxb5 hxg3 35. hxg3 Rb8 36. Rxb4 Rb6 37. e3 dxe3 38. fxe3 Nc5 39. d4 Ne4 40.
Bxe4 fxe4 41. Kf2 Kf6 42. Ke2 Ke6 43. Kd2 f5 44. Kc3 Kd5 45. Rb1 g5 46. Rf1 Rf6
47. b6 Rc6+ 48. Kd2 f4 49. gxf4 gxf4 50. Rxf4 Rxb6 51. Rf5+ Kc4 52. Rc5+ Kb3
53. Ke2 Rg6 54. Re5 Rg2+ 55. Kf1 Rg4 56. d5 Kc4 57. d6 Rg8 58. Rxe4+ Kd5 59.
Rd4+ Ke6 60. Ke2 Rd8 61. Kf3 Kd7 62. Rd3 Rf8+ 63. Ke4 Re8+ 64. Kf3 Rf8+ 65. Ke2
Rf6 66. Rd4 Rxd6 67. Kd3 Rxd4+ 68. Kxd4 Kd6 1/2-1/2

[Event "GBR-ch"]
[Site "Scarborough"]
[Date "2001.08.02"]
[Round "4"]
[White "Berry, Neil M"]
[Black "Zhao, Zong-Yuan"]
[Result "1/2-1/2"]
[WhiteElo "2256"]
[BlackElo "2359"]
[PlyCount "77"]
[EventDate "2001.07.30"]

1. d4 Nf6 2. c4 g6 3. Nc3 d5 4. Nf3 Bg7 5. cxd5 Nxd5 6. e4 Nxc3 7. bxc3 c5 8.
Be3 Qa5 9. Qd2 O-O 10. Rc1 cxd4 11. cxd4 Qxd2+ 12. Kxd2 Rd8 13. Ke1 b6 14. Bd3
Ba6 15. Bxa6 Nxa6 16. Ke2 Rac8 17. Rxc8 Rxc8 18. Rc1 Rxc1 19. Bxc1 e6 20. Kd3
b5 21. Ba3 Bf8 22. Bxf8 Kxf8 23. Kc3 f6 24. Ne1 Ke7 25. Nd3 Kd7 26. f4 Kc6 27.
g4 Nc7 28. Nb4+ Kd7 29. Kd3 f5 30. gxf5 gxf5 31. d5 fxe4+ 32. Kxe4 Kd6 33. dxe6
a5 34. Nd3 Nxe6 35. f5 Ng5+ 36. Kf4 Nf7 37. Ke4 Ng5+ 38. Kf4 Nf7 39. Ke4
1/2-1/2

[Event "GBR-ch"]
[Site "Scarborough"]
[Date "2001.08.02"]
[Round "4"]
[White "Simons, Martin J"]
[Black "Gormally, Daniel"]
[Result "0-1"]
[WhiteElo "2215"]
[BlackElo "2481"]
[PlyCount "66"]
[EventDate "2001.07.30"]

1. e4 c5 2. Nc3 Nc6 3. f4 e6 4. Nf3 a6 5. g3 d5 6. d3 Nf6 7. e5 Nd7 8. Bg2 Be7
9. O-O O-O 10. Qe2 b5 11. f5 Nb6 12. fxe6 Bxe6 13. Bf4 Qd7 14. Rae1 Rae8 15.
Rf2 Bg4 16. Qd2 Bd8 17. h3 Bh5 18. g4 Bg6 19. Rfe2 Bc7 20. Kh1 Nd8 21. b3 Ne6
22. Bh2 d4 23. Nd1 Nd5 24. Nh4 Qd8 25. Nxg6 fxg6 26. Rf1 Rxf1+ 27. Bxf1 Ba5 28.
Qc1 Rf8 29. Rf2 Qh4 30. Rxf8+ Kxf8 31. Nb2 Ne3 32. Bg1 Qg3 33. Bxe3 dxe3 0-1

[Event "GBR-ch"]
[Site "Scarborough"]
[Date "2001.08.02"]
[Round "4"]
[White "Oswald, Graeme"]
[Black "Lane, Gary"]
[Result "1/2-1/2"]
[WhiteElo "2195"]
[BlackElo "2456"]
[PlyCount "77"]
[EventDate "2001.07.30"]

1. g3 e5 2. Bg2 Nc6 3. c4 g6 4. Nc3 Bg7 5. e3 d6 6. Nge2 f5 7. d4 Nf6 8. O-O
O-O 9. Rb1 e4 10. f3 exf3 11. Bxf3 Re8 12. b4 a6 13. Qb3 Kh8 14. Bd2 Ng4 15.
Nd5 Ne7 16. Nef4 c6 17. Nc3 Ng8 18. Rbe1 N8f6 19. h3 Nh6 20. Bg2 Nf7 21. a4 Ng5
22. Kh2 Nge4 23. Nxe4 Nxe4 24. Bc1 Qg5 25. Ne2 Be6 26. d5 Bg8 27. Bxe4 fxe4 28.
Rd1 b5 29. Bb2 Be5 30. Bxe5+ dxe5 31. Qc3 cxd5 32. cxd5 Rac8 33. Qb2 Qxe3 34.
axb5 axb5 35. Rf8 Rc2 36. Rxg8+ Kxg8 37. Qxc2 Qf2+ 38. Kh1 Qf3+ 39. Kh2 1/2-1/2

[Event "GBR-ch"]
[Site "Scarborough"]
[Date "2001.08.02"]
[Round "4"]
[White "Briggs, Philip"]
[Black "Crouch, Colin"]
[Result "0-1"]
[WhiteElo "2200"]
[BlackElo "2407"]
[PlyCount "118"]
[EventDate "2001.07.30"]

1. e4 Nf6 2. e5 Nd5 3. d4 d6 4. Be2 dxe5 5. dxe5 Nc6 6. Nf3 Bg4 7. O-O e6 8. c3
Be7 9. Qa4 Bh5 10. Bb5 O-O 11. Bxc6 Bxf3 12. gxf3 bxc6 13. Nd2 Qe8 14. c4 Nf4
15. Ne4 Ne2+ 16. Kh1 f5 17. Ng3 Nd4 18. f4 c5 19. Qxe8 Rfxe8 20. Be3 Rab8 21.
Rab1 Red8 22. Rfd1 Nc2 23. Rxd8+ Rxd8 24. Nf1 Kf7 25. Kg2 h6 26. Rc1 Nb4 27.
Rc3 Rd3 28. Rxd3 Nxd3 29. b3 g5 30. Kf3 gxf4 31. Bxf4 Bg5 32. Be3 Nxe5+ 33. Ke2
Bxe3 34. Nxe3 f4 35. Nd1 Nc6 36. Nc3 e5 37. Kf3 Ke6 38. Ke4 Nd4 39. Nd5 c6 40.
Nc7+ Kd7 41. Na6 Kd6 42. h4 Ne2 43. a3 h5 44. b4 cxb4 45. axb4 Nc3+ 46. Kf5 Nd1
47. f3 Ne3+ 48. Kg5 Nxc4 49. Kxh5 e4 50. Nc5 e3 51. Kg5 Ne5 52. Ne4+ Kc7 53.
Nc3 Nxf3+ 54. Kxf4 Nxh4 55. Kxe3 Kb6 56. Kd4 Nf5+ 57. Kc4 Ne3+ 58. Kb3 Nd5 59.
Kc4 Nxc3 0-1

[Event "GBR-ch"]
[Site "Scarborough"]
[Date "2001.08.02"]
[Round "4"]
[White "Ansell, Simon"]
[Black "Addison, Bret C"]
[Result "1-0"]
[WhiteElo "2376"]
[BlackElo "2218"]
[PlyCount "71"]
[EventDate "2001.07.30"]

1. e4 e5 2. Nf3 Nc6 3. Nc3 Nf6 4. g3 d5 5. exd5 Nxd5 6. Bg2 Nxc3 7. bxc3 Bc5 8.
O-O O-O 9. Re1 Re8 10. d4 exd4 11. Rxe8+ Qxe8 12. cxd4 Bb6 13. c4 Bg4 14. c5
Ba5 15. Bb2 Rd8 16. d5 Ne5 17. Rb1 Nxf3+ 18. Bxf3 Bxf3 19. Qxf3 Qa4 20. Be5 Qc4
21. d6 Qxc5 22. dxc7 Bxc7 23. Bxc7 Qxc7 24. Rxb7 Qc4 25. Rxa7 g6 26. Ra8 Rxa8
27. Qxa8+ Kg7 28. h4 h5 29. Qa5 Qc1+ 30. Kg2 Qc2 31. Qa7 Qd2 32. a4 Qa2 33. a5
Kg8 34. a6 Kh7 35. Kg1 Qa1+ 36. Kg2 1-0

[Event "GBR-ch"]
[Site "Scarborough"]
[Date "2001.08.02"]
[Round "4"]
[White "Waddington, Michael"]
[Black "Rudd, Jack"]
[Result "1/2-1/2"]
[WhiteElo "2353"]
[BlackElo "2193"]
[PlyCount "114"]
[EventDate "2001.07.30"]

1. Nc3 b6 2. e4 Bb7 3. d4 e6 4. Bd3 Bb4 5. Nf3 d5 6. e5 c5 7. O-O Nc6 8. Bb5 a6
9. Bxc6+ Bxc6 10. Ne2 cxd4 11. Nexd4 Bd7 12. Ng5 Nh6 13. Qh5 Qe7 14. Be3 Bc5
15. Ngf3 Ng8 16. Rfe1 O-O-O 17. a3 Be8 18. Qg4 Qf8 19. b4 Be7 20. Nb3 Kc7 21.
Qd4 Rb8 22. c4 Bc6 23. cxd5 Bxd5 24. Rac1+ Kd7 25. Qd3 b5 26. Qd4 Ra8 27. Red1
Bd8 28. Qd3 Ke8 29. Nc5 Qe7 30. Ne4 Qd7 31. Nd6+ Kf8 32. Bc5 Be7 33. Bb6 Bd8
34. Qd4 Nh6 35. Bxd8 Qxd8 36. Qc5 Kg8 37. Qc7 Qxc7 38. Rxc7 Bxf3 39. gxf3 g6
40. Ne4 Kg7 41. Rdd7 Rhc8 42. Nc5 Kg8 43. Ra7 a5 44. Rab7 axb4 45. axb4 Rab8
46. Ra7 Ra8 47. Rxa8 Rxa8 48. Rb7 Nf5 49. Rxb5 Nd4 50. Rb7 Ra1+ 51. Kg2 Rb1 52.
f4 h5 53. Ne4 Nc2 54. Rb8+ Kg7 55. b5 Ne1+ 56. Kf1 Nf3+ 57. Ke2 Rxb5 1/2-1/2

[Event "GBR-ch"]
[Site "Scarborough"]
[Date "2001.08.02"]
[Round "4"]
[White "Blackburn, Jonathan LB"]
[Black "Singh, Gurpreet"]
[Result "0-1"]
[WhiteElo "2115"]
[BlackElo "2302"]
[PlyCount "120"]
[EventDate "2001.07.30"]

1. e4 e6 2. d4 d5 3. Nc3 Bb4 4. Bd3 dxe4 5. Bxe4 Nf6 6. Bg5 h6 7. Bxf6 Qxf6 8.
Nf3 Nd7 9. O-O c6 10. Bd3 O-O 11. Qe2 Qf4 12. Ne4 b6 13. Rad1 Bb7 14. c4 Be7
15. Bb1 Rfe8 16. Qc2 g6 17. Rfe1 c5 18. a3 Rad8 19. d5 exd5 20. cxd5 Nf6 21.
Nxf6+ Bxf6 22. Rxe8+ Rxe8 23. Ba2 Rd8 24. Qe2 a6 25. Qc2 Kg7 26. a4 Qb4 27. h3
b5 28. axb5 axb5 29. h4 c4 30. h5 Qxb2 31. Qe4 Qxa2 32. hxg6 Rxd5 33. Rxd5 Bxd5
34. Qxd5 Qb1+ 35. Kh2 Kxg6 36. Qa8 Kg7 37. Qe8 Qf5 38. Qb8 c3 39. Qg3+ Kh7 40.
Qc7 Bg7 41. Kg1 c2 42. Ne1 b4 43. Qxc2 Qxc2 44. Nxc2 b3 45. Na3 Kg6 46. f3 b2
47. Kf2 Bf8 48. Nb1 Bb4 49. Ke2 Kg5 50. g3 h5 51. Ke3 Be1 52. g4 h4 53. Ke2 h3
54. Kf1 Kf4 55. Kg1 Kxf3 56. g5 Kg4 57. Kh2 Bb4 58. Kg1 Kxg5 59. Kh1 Kf4 60.
Kh2 Kg4 0-1

[Event "GBR-ch"]
[Site "Scarborough"]
[Date "2001.08.02"]
[Round "4"]
[White "Player, Edmund"]
[Black "Buckley, Simon"]
[Result "1/2-1/2"]
[WhiteElo "2115"]
[BlackElo "2268"]
[PlyCount "33"]
[EventDate "2001.07.30"]

1. e4 c5 2. Nc3 Nc6 3. Bb5 Nd4 4. Bc4 e6 5. Nge2 Nf6 6. O-O a6 7. d3 d5 8. exd5
exd5 9. Nxd5 Nf3+ 10. gxf3 Nxd5 11. Re1 Be7 12. Bxd5 Qxd5 13. Nf4 Qd6 14. Qe2
b6 15. Nd5 Be6 16. Nf4 Bc8 17. Nd5 1/2-1/2

[Event "GBR-ch"]
[Site "Scarborough"]
[Date "2001.08.02"]
[Round "4"]
[White "Conlon, Joe"]
[Black "Pert, Richard"]
[Result "0-1"]
[WhiteElo "2191"]
[BlackElo "2245"]
[PlyCount "98"]
[EventDate "2001.07.30"]

1. e4 c5 2. Nf3 d6 3. d4 cxd4 4. Nxd4 Nf6 5. Nc3 g6 6. Be2 Bg7 7. Be3 Nc6 8.
O-O O-O 9. Nb3 Be6 10. f4 Rc8 11. g4 Nd7 12. f5 Bxb3 13. axb3 Nc5 14. g5 Bxc3
15. bxc3 Nxe4 16. Qe1 gxf5 17. Rxf5 e6 18. Rf4 d5 19. Qh4 f5 20. gxf6 Rxf6 21.
Kh1 Rxf4 22. Rg1+ Kh8 23. Qxf4 Qf6 24. Qg4 Re8 25. Qh5 Rg8 26. Rxg8+ Kxg8 27.
Qe8+ Kg7 28. Qd7+ Qe7 29. Qxe7+ Nxe7 30. Bxa7 Nc6 31. Be3 Nxc3 32. Bd3 e5 33.
Bd2 Nb1 34. Bc1 Nc3 35. Kg2 e4 36. Bf1 Nb4 37. Kg3 Nxc2 38. Kf4 d4 39. Bb2 Kf6
40. Bxc3 dxc3 41. Kxe4 Nb4 42. Ke3 Ke5 43. Bc4 h6 44. Bf1 Kd6 45. Bc4 Kc5 46.
Bg8 b6 47. Bc4 Nc6 48. Kd3 Kb4 49. Bd5 Nd4 0-1

[Event "GBR-ch"]
[Site "Scarborough"]
[Date "2001.08.02"]
[Round "4"]
[White "Buckley, David E"]
[Black "Ledger, Andrew"]
[Result "0-1"]
[WhiteElo "2172"]
[BlackElo "2418"]
[PlyCount "78"]
[EventDate "2001.07.30"]

1. e4 c6 2. d4 d5 3. exd5 cxd5 4. Bd3 Nc6 5. c3 g6 6. Bf4 Bf5 7. Bxf5 gxf5 8.
Nf3 e6 9. Nbd2 Nge7 10. Qb3 Qd7 11. Ne5 Nxe5 12. Bxe5 Rg8 13. Nf3 Nc6 14. Bf4
O-O-O 15. g3 Bd6 16. Bxd6 Qxd6 17. O-O-O Kb8 18. Rhe1 Rc8 19. Qb5 Rc7 20. Kb1
Rgc8 21. Ne5 Nxe5 22. dxe5 Qe7 23. Qe2 Qc5 24. Rd4 a5 25. Rh4 Qb6 26. Qe3 Qb5
27. Qe2 Rc4 28. Rxh7 d4 29. Rh4 dxc3 30. Rxc4 Rxc4 31. Rc1 Qb4 32. Ka1 a4 33.
a3 Qc5 34. Kb1 Qb6 35. Ka1 Qc5 36. Kb1 f4 37. gxf4 Qb6 38. Ka1 Rxf4 39. Rxc3
Rxf2 0-1

[Event "GBR-ch"]
[Site "Scarborough"]
[Date "2001.08.02"]
[Round "4"]
[White "Tan, Desmond"]
[Black "Snape, Ian L"]
[Result "1-0"]
[WhiteElo "2253"]
[BlackElo "2160"]
[PlyCount "101"]
[EventDate "2001.07.30"]

1. e4 c5 2. Nc3 g6 3. Nf3 Bg7 4. d4 cxd4 5. Nxd4 Nc6 6. Nb3 Nf6 7. Be2 O-O 8.
O-O d6 9. Re1 Be6 10. Bf1 a5 11. a4 d5 12. Nc5 Bg4 13. f3 Qb6 14. exd5 Nxd5 15.
Nxd5 Qxc5+ 16. Be3 Bd4 17. fxg4 Qxd5 18. Bxd4 Qxd4+ 19. Qxd4 Nxd4 20. Rxe7 Nxc2
21. Rc1 Rac8 22. b3 Nd4 23. Bc4 Kg7 24. Rf1 Kh8 25. Rfxf7 Rxf7 26. Rxf7 Rb8 27.
Rd7 Nc6 28. Bd5 Nd4 29. Kf2 b5 30. axb5 Nxb5 31. Rb7 Rf8+ 32. Ke3 Nc3 33. Bc4
Ra8 34. Kd3 Nd1 35. Bd5 Rd8 36. Rb5 Nf2+ 37. Kd4 Nxg4 38. Rxa5 Kg7 39. b4 Nf6
40. Kc4 Nd7 41. Bc6 Rc8 42. b5 Kf6 43. Ra7 Ne5+ 44. Kc5 h5 45. Ra8 Rc7 46. Kd6
Re7 47. Rf8+ Nf7+ 48. Kc5 Kg7 49. Re8 Ra7 50. b6 Ra5+ 51. Kb4 1-0